000 00340nam a2200145Ia 4500
003 OSt
005 20240109165145.0
008 170524s9999 xx 000 0 und d
020 _a9788173918759
040 _cIIMT UNIVERSITY
100 _aSANJAY KUMAR
245 0 _aANTERRASTIYA SAMBAND
260 _bADHYAYAN NEW DELHI
942 _2ddc
_c01
999 _c9142
_d9142